A matter of honour : experiences of Turkish women immigrants
Αποθηκεύτηκε σε:
| Κύριος συγγραφέας: | |
|---|---|
| Μορφή: | Βιβλίο |
| Γλώσσα: | English |
| Δημοσίευση: |
London :
Zed Books,
c1992
|
| Θέματα: | |
| Ετικέτες: |
Προσθήκη ετικέτας
Δεν υπάρχουν, Καταχωρήστε ετικέτα πρώτοι!
|
MARC
| LEADER | 00000cam a2200000 i 4500 | ||
|---|---|---|---|
| 001 | 1/24155 | ||
| 008 | 981126s1992 eng d | ||
| 020 | |a 1-85649-076-9 | ||
| 035 | |l 10037028 | ||
| 040 | |a GR-MY-UA |b gre |e aacr | ||
| 041 | 0 | |a eng | |
| 082 | 0 | |a 305.4209561 | |
| 100 | 1 | |a Kocturk, Tahire. | |
| 245 | 1 | 2 | |a A matter of honour : |b experiences of Turkish women immigrants / |c Tahire Kocturk |
| 260 | |a London : |b Zed Books, |c c1992 | ||
| 300 | |a 145 p. | ||
| 504 | |a Includes bibliographical references and index | ||
| 650 | 0 | 0 | |a Women immigrants |z Europe. |
| 650 | 0 | 0 | |a Women |z Turkey |x Social conditions. |
| 650 | 0 | 0 | |a Muslim women |z Europe. |
| 650 | 0 | 0 | |a Sex role |z Turkey. |
| 650 | 0 | 0 | |a Sex role |z Europe. |
| 852 | |a INST |b LESVOS |e 19981126 |h 305.4209561 KOC |p 005100018510 |q 005100018510 |t BK |y 0 | ||
| 901 | |a BIBL-1999-1 | ||
| 909 | |a Λ |b 059962 | ||
| 922 | |a 1ΕΛΗ |b 199810 |c ΚΠΣ/ΤΚ |d ΠΑΠΑΣΩΤΗΡΙΟΥ | ||
| 950 | |a 103-1998-07-27 | ||